Normal view
MARC view
- Pahang
Entry Corporate Name
001 - CONTROL NUMBER
- control field: 8869
003 - CONTROL NUMBER IDENTIFIER
- control field: OSt
005 - DATE AND TIME OF LATEST TRANSACTION
- control field: 20170605123628.0
008 - FIXED-LENGTH DATA ELEMENTS
- fixed length control field: 170605|| aca||aabn | a|a d
040 ## - CATALOGING SOURCE
- Original cataloging agency: OSt
- Transcribing agency: OSt
110 ## - HEADING--CORPORATE NAME
- Corporate name or jurisdiction name as entry element: Pahang
- Subordinate unit: Kastam Diraja Malaysia
670 ## - SOURCE DATA FOUND
- Source citation: Work cat.: (OSt)0: Pahang Kastam Diraja Malaysia, Laporan Tahunan Jabatan Kastam Diraja Malaysia Negeri Pahang, 2001-

PORTAL AKMAL
E-MEL JKDM
AKMAL2U
G-BAM
u-PUSTAKA